00617nam a2200205 a 450000500170000000800410001701000140005802000110007203500130008303700150009604000180011108200110012910000210014024500650016126000430022627000650026930000240033450000250035865000280038320060818091510.0050907s2005 ii av 000 0 eng  aENG-93245 c325.00 aEN-76778 bDBAD / PUB adplbEnglish  a515.35 aSelvi, K. Tamil  aIntegration and differential equations /cby K. Tamil Selvi  aChennai bNivethita Publication c2005 a1, 3rd Floor, Pudur 13th Street, Ashok Nagar, bChennai e83 a650p.c20 cm (pbk)  aIncludes references  aDifferential equations.